000 00683nam a2200229 i 4500
001 bg
100 1 _aNARUSZEWICZ, Stanisław
245 1 0 _aUnia Europejska :
_bzarys systemu /
_cStanisław Naruszewicz ; Politechnika Białostocka.
260 _aBiałystok :
_bDział Wydawnictw i Poligrafii PB,
_c1999.
300 _a336 s. :
_bwykr. ;
_c23 cm.
500 _aStreszcz. ang.
504 _aBibliogr. s. 315-333.
610 2 9 _aUnia Europejska
710 0 _aPolitechnika Białostocka
020 _a8386272929
040 _cBPK
041 0 _apl
_ben
080 _a339.923:061.1A/Z](4-67)
920 _a83-86272-92-9
942 _cKS
008 s pl f |000 0 pol
999 _c37841
_d37841
856 _uhttp://koha.tu.koszalin.pl/cgi-bin/koha/opac-detail.pl?biblionumber=37841
_yKatalog online BPK